Classical and Quantum Gravity : proceedings of the First Iberian Meeting on Gravity, Evora, Portugal 21-26 September 1992

Αποθηκεύτηκε σε:
Λεπτομέρειες βιβλιογραφικής εγγραφής
Συγγραφή απο Οργανισμό/Αρχή: Iberian Meeting on Gravity Evora, Portugal
Άλλοι συγγραφείς: Bento, M. C. (Επιμελητής έκδοσης)
Μορφή: Πρακτικό Συνεδρίου Βιβλίο
Γλώσσα:English
Δημοσίευση: Singapore : World Scientific, c1993.
Θέματα:
Ετικέτες: Προσθήκη ετικέτας
Δεν υπάρχουν, Καταχωρήστε ετικέτα πρώτοι!

MARC

LEADER 00000cam a2200000 i 4500
001 1/44508
008 950522s1993 si ||| | eng||
020 |a 9810213697 
035 |a 1995  |c ΦΛΕΣΣΑΣ  |l 10042297 
040 |a GR-MyUA  |b gre  |e AACR2 
041 0 |a eng 
082 0 |a 531.14  
111 0 |a Iberian Meeting on Gravity  |d (1992  |c Evora, Portugal. 
245 1 0 |a Classical and Quantum Gravity :   |b proceedings of the First Iberian Meeting on Gravity, Evora, Portugal 21-26 September 1992 /   |c M. C. Bento...[κ. ά.], editors.  
260 |a Singapore :   |b World Scientific,   |c c1993.  
300 |a 346 σ. :   |b εικ. ;   |c 23 εκ.  
504 |a Περιέχει βιβλιογραφικές αναφορές.  
650 0 0 |a Gravity  |x Congresses. 
650 0 0 |a Cosmology  |x Congresses. 
650 0 0 |a String models  |x Congresses. 
700 1 |a Bento, M. C.  |e edt 
852 |a INST  |b SAMOS  |e 19950522  |h 531.14 IBE  |p 005300005452  |q 005300005452  |t BK  |y 0 
909 |a Σ  |b 038937